Programa d'acció territorial pel desenvolupament dels serveis socials municipals : recomanacions per l'elaboració del pla general de serveis socials municipals recomanacions per l'elaboració del pla general de serveis socials municipals
Descripción Física:
41 pàgines : 30 cm
MARC
| LEADER | 00000nam a2200000 a 4500 | ||
|---|---|---|---|
| 001 | 26507 | ||
| 008 | 220822s1993 spa||||| |||| 00| 0 cat d | ||
| 080 | |a Bib-920 | ||
| 245 | |a Programa d'acció territorial pel desenvolupament dels serveis socials municipals : |b recomanacions per l'elaboració del pla general de serveis socials municipals | ||
| 260 | |a Barcelona : |b Diputació de Barcelona. Àrea de Serveis Socials, |c març 1993 | ||
| 300 | |a 41 pàgines : |c 30 cm | ||
| 650 | 0 | |a Serveis socials |x Barcelona (Catalunya : Província) |9 36719 | |
| 650 | 0 | |a Administració local |x Barcelona (Catalunya : Província) |9 30797 | |
| 650 | 0 | |a Municipis |x Govern i administració |x Barcelona (Catalunya : Província) |9 42329 | |
| 710 | |9 53159 |a Barcelona (Catalunya : Província). |b Àrea de Serveis Socials | ||
| 942 | |2 udc |c ARXIU |n 1 | ||
| 952 | |0 0 |1 0 |4 0 |6 BIB920 |7 1 |9 63498 |a Arxiu |b Arxiu |d 2022-08-22 |l 0 |o Bib-920 |p 26507 |r 2022-08-22 00:00:00 |w 2022-08-22 |y ARXIU | ||
| 999 | |c 82613 |d 82613 | ||